| 000 | 00684nam a22002172 4500 | ||
|---|---|---|---|
| 001 | 0000011868 | ||
| 005 | 20151021152556.0 | ||
| 008 | 090118s xx 000 0 eng d | ||
| 020 | _a0273646354 : | ||
| 040 |
_aKABU _cKABU |
||
| 100 | 1 |
_aSchmidt, Marcus J. _@0000167899 |
|
| 245 | 1 | 0 |
_aMarketing research : _ban international approach / _cMarcus J. Schmidt, Svend Hollensen. |
| 250 | _a1st ed. | ||
| 260 |
_aLondon : _bPrentice Hall, _c2006. |
||
| 300 | _axiv, 613 p. | ||
| 650 | 0 |
_aMarketing research. _@0000151518 |
|
| 700 | 1 |
_aHollensen, Svend. _@0000167900 |
|
| 852 | 1 | _9p1690 KES | |
| 908 | _a090118 | ||
| 950 | _@1 | ||
| 999 |
_c1520 _d1520 |
||